Statistics for Provinces of the Dominican Republic

Click here to take the quiz!

General Stats

  • This quiz has been taken 378 times
  • The average score is 17 of 31

Answer Stats

Answer % Correct
30Santo Domingo
92%
28Santiago
78%
29Santiago Rodríguez
78%
21Puerto Plata
70%
13La Romana
64%
22Samaná
63%
27San Pedro de Macorís
62%
12La Altagracia
60%
3Barahona
60%
26San Juan
59%
1Azua
59%
14La Vega
57%
24San Cristóbal
56%
17Montecristi
56%
19Pedernales
54%
4Dajabón
54%
18Monte Plata
50%
6Elías Piña
48%
9Hato Mayor
48%
7El Seibo
47%
11Independencia
47%
5Duarte
47%
20Peravia
45%
10Hermanas Mirabal
45%
2Bahoruco
44%
31Valverde
44%
8Espaillat
42%
23Sánchez Ramírez
41%
16Monseñor Nouel
40%
15María Trinidad Sánchez
40%
25San José de Ocoa
40%

Score Distribution

Percentile by Number Answered

Percent of People with Each Score

Your Score History

You have not taken this quiz